| 000 | 00904nam a22002177a 4500 | ||
|---|---|---|---|
| 005 | 20230907134728.0 | ||
| 008 | 230907b mx ||||| |||| 00| 0 spa d | ||
| 020 | _a9786074170719 | ||
| 050 | 0 | 4 |
_aHN120.P6 _bP76 2010 |
| 245 | 0 | 0 |
_aProyectos políticos, revueltas populares y represión oficial en México, 1821-1965 _c / Jane-Dale Lloyd, Laura Pérez Rosales (coordinadoras) |
| 260 |
_aCiudad de México : _bUniversidad Iberoamericana, _c2010 |
||
| 300 |
_a278 páginas ; _c23 cm |
||
| 650 | 7 |
_2lemb _aPoder (Ciencias sociales) _zMéxico _xHistoria |
|
| 650 | 7 |
_2lemb _aMovimientos sociales _zMéxico _xHistoria |
|
| 650 | 7 |
_2lemb _aSindicalismo _zMéxico _xHistoria |
|
| 651 | 7 |
_2lemb _aMéxico _xPolítica y gobierno _ySiglo XIX |
|
| 651 | 7 |
_2lemb _aMéxico _xPolítica y gobierno _ySiglo XX |
|
| 700 | 1 |
_aLloyd, Jane-Dale, _eeditor |
|
| 700 | 1 |
_aPérez Rosales, Laura _eeditor |
|
| 942 |
_2lcc _cLIB |
||
| 999 |
_c168257 _d168255 |
||